Biogeochemistry (Record no. 3561)

MARC details
000 -LEADER
fixed length control field 00434nam a22001577a 4500
008 - FIXED-LENGTH DATA ELEMENTS--GENERAL INFORMATION
fixed length control field 250520b |||||||| |||| 00| 0 eng d
020 ## - INTERNATIONAL STANDARD BOOK NUMBER
ISBN 9780128146081
100 ## - MAIN ENTRY--AUTHOR
Author Schelesinger, N. William
245 ## - TITLE STATEMENT
Title Biogeochemistry
Remainder of title An Analysis of Global Change
250 ## - EDITION STATEMENT
Edition statement 4th
260 ## - PUBLICATION, DISTRIBUTION, ETC. (IMPRINT)
Place of publication London
Name of publisher Academic Press
Date of publication 2020
300 ## - COLLATION
Pagination xi, 749p. 23.5cm
Other physical details illustration;
650 ## - TRACINGS
Main Subject Biogeochemistry
942 ## - ADDED ENTRY ELEMENTS (KOHA)
Item type Books
050 ## - LIBRARY OF CONGRESS CALL NUMBER
Classification number QH343.7
Item number .S34
Holdings
Source of classification or shelving scheme Not for loan Permanent location Current location Date acquired Accession No. Full call number Barcode. Koha item type
Library of Congress Classification   Samuel Ogbemudia Main Library, University of Abuja Samuel Ogbemudia Main Library, University of Abuja 05/20/2025 2024/63961 QH343.7.S34 2025-2031 Books